MARC

LEADER 00000nas a2200000 a 4500
001 ssj0000252
003 WaSeSS
005 20200512172242.0
006 m d
007 cr n
008 990303c19929999inuqr pss o 0 a0eng c
010 |a sn 99023369  
022 |a 1945-6182  |l 1062-4783  |y 1062-4783 
035 |a (WaSeSS)ssj0000252 
037 |b African American Review, Saint Louis University, Humanities, 317, 3800 Lindell Blvd, St Louis, MO 63108 
040 |a EYM  |b eng  |c EYM  |d OCL  |d OCLCQ  |d NSD  |d OCLCQ  |d DLC  |d CUI  |d OCLCQ  |d OCLCA  |d OCLCQ  |d OCLCA  |d OCLCF  |d OCLCO  |d VT2  |d OCLCQ  |d OCLCO  |d OCLCQ  |d DLC  |d GILDS  |d CNTRU  |d AUD  |d WaSeSS 
042 |a pcc  |a nsdp 
043 |a n-us--- 
050 1 4 |a E185.5 
082 1 0 |a 810  |2 14 
130 0 |a African American review (Online) 
210 0 |a Afr. Am. rev.  |b (Online) 
222 0 |a African American review  |b (Online) 
245 1 0 |a African American review  |h [electronic resource]. 
246 1 3 |a AAR 
260 |a Terre Haute, Ind. :  |b Dept. of English, Indiana State University,  |c ©1992- 
310 |a Quarterly 
362 0 |a Vol. 26, no. 1 (spring 1992)- 
506 |a License restrictions may limit access. 
538 |a Mode of access: World Wide Web. 
550 |a Official publication of the Division on Black American Literature and Culture of the Modern Language Association. 
588 |a Description based on JSTOR World Wide Web homepage; title from title screen (viewed Mar. 3, 1999). 
588 |a Latest issue consulted: Vol. 32, no. 3 (fall 1998) (surrogate). 
650 0 |a American literature  |x African American authors  |x History and criticism  |v Periodicals. 
650 0 |a African American arts  |v Periodicals. 
650 7 |a African American arts.  |2 fast  |0 (OCoLC)fst00799021 
650 7 |a American literature  |x African American authors.  |2 fast  |0 (OCoLC)fst00807114 
655 0 |a Electronic journals. 
710 2 |a Indiana State University.  |b Department of English. 
710 2 |a Modern Language Association of America.  |b Division on Black American Literature and Culture. 
776 0 8 |i Print version:  |t African American review  |x 1062-4783  |w (DLC) 93643740  |w (OCoLC)25636550 
780 0 0 |t Black American literature forum (Online)  |x 2326-1536  |w (DLC)sn 99023368  |w (OCoLC)40892653 
856 4 0 |z Full text available from Research Library: Spring 1992 to 1 year ago  |u https://search.proquest.com/publication/25165